000 00519nam a2200181Ia 4500
005 20250508155348.0
008 008 250505s9999 xx 000 0 hin d
037 _aTextual
040 _aFEDL
_beng
_cFEDL
041 _ahin
_2hin
084 _a915.2, SAN
_qFEDL
100 _aSanyasi Shyam
_9766906
245 0 _aJapan: Japan desh ka bhogolik awam samajik parichya
260 _aDelhi, India
_bRajkamal Prakashan
_c1958
300 _a112p.
942 _cTEXL
_h915.2, SAN
999 _c1356291
_d1356291